000 00872cam a2200241 i 4500
005 20251111101921.0
008 250721s2022 ua gr 000 0 ara d
020 _a9789776902596
041 1 _aara
_heng
082 1 4 _a158.3
_bك و ف
100 1 _aكوفي، ستيفن آ ر
_eمؤلف.
240 1 0 _aThe leader in me.
245 1 2 _aالقائد في داخلي :
_bكيف تلهم المدارس والأهل العظمة في كل طفل /
_cستيفن آ ر. كوفي ؛ ترجمة نجوى محمود.
250 _aالطبعة الأولى.
264 _aالقاهرة :
_bدار عصير الكتب،
_c2022.
300 _a311 صفحة.
650 1 7 _aسيكولوجية القيادة.
650 1 7 _aالتعلم.
650 1 7 _aالطلاب.
700 1 _aمحمود، نجوى
_eمترجم.
942 _2ddc
_cBK
999 _c144280
_d144280